|
|
|
|
| LEADER |
00000nam0a2200000 4500 |
| 001 |
20747 |
| 005 |
20231101205356.0 |
| 010 |
|
|
|a 5788003237
|
| 035 |
|
|
|a (RuTPU)RU\TPU\book\20937
|
| 035 |
|
|
|a BOOK00005626
|
| 090 |
|
|
|a 20747
|
| 100 |
|
|
|a 20011209d1990 е y0rusy50020304ca
|
| 101 |
0 |
|
|a rus
|
| 102 |
|
|
|a BY
|
| 105 |
|
|
|a a z 000zy
|
| 200 |
1 |
|
|a Беседы о тайнах психики
|e [Для старшего школьного возраста]
|f Я. Л. Коломинский
|
| 210 |
|
|
|a Минск
|c Юнацтва
|d 1990
|
| 215 |
|
|
|a 192 с.
|c ил.
|
| 606 |
1 |
|
|a Психика
|2 stltpush
|3 (RuTPU)RU\TPU\subj\53100
|9 71450
|
| 610 |
1 |
|
|a психология
|
| 610 |
1 |
|
|a психика
|
| 610 |
1 |
|
|a личность
|
| 686 |
|
|
|a Ю937
|v LBC/SL-A
|2 rubbk
|
| 700 |
|
1 |
|a Коломинский
|b Я. Л.
|g Яков Львович
|
| 801 |
|
0 |
|a RU
|b 63413507
|c 20011209
|g PSBO
|
| 801 |
|
2 |
|a RU
|b 63413507
|c 20220408
|g PSBO
|
| 942 |
|
|
|c BK
|